00261nam a2200121Ia 45000030006000000080041000060400015000471000020000622450019000822600009001015460012001100050017001220STCL150530s9999 xx 000 0 und d aSTCLcSTCL aTime life Books aMedica advisor c2000 aEnglish20220125170514.0